<?xml version='1.0' encoding='UTF-8'?><?xml-stylesheet href='static/style.xsl' type='text/xsl'?><OAI-PMH xmlns="http://www.openarchives.org/OAI/2.0/" xmlns:xsi="http://www.w3.org/2001/XMLSchema-instance" xsi:schemaLocation="http://www.openarchives.org/OAI/2.0/ http://www.openarchives.org/OAI/2.0/OAI-PMH.xsd"><responseDate>2026-04-30T16:39:54Z</responseDate><request verb="GetRecord" identifier="oai:ebiltegia.mondragon.edu:20.500.11984/4685" metadataPrefix="marc">https://ebiltegia.mondragon.edu/oai/request</request><GetRecord><record><header><identifier>oai:ebiltegia.mondragon.edu:20.500.11984/4685</identifier><datestamp>2024-01-04T21:56:59Z</datestamp><setSpec>com_20.500.11984_1736</setSpec><setSpec>com_20.500.11984_1627</setSpec><setSpec>col_20.500.11984_1972</setSpec></header><metadata><record xmlns="http://www.loc.gov/MARC21/slim" xmlns:dcterms="http://purl.org/dc/terms/" xmlns:xsi="http://www.w3.org/2001/XMLSchema-instance" xmlns:doc="http://www.lyncode.com/xoai" xsi:schemaLocation="http://www.loc.gov/MARC21/slim http://www.loc.gov/standards/marcxml/schema/MARC21slim.xsd">
   <leader>00925njm 22002777a 4500</leader>
   <datafield ind2=" " ind1=" " tag="042">
      <subfield code="a">dc</subfield>
   </datafield>
   <datafield ind2=" " ind1=" " tag="720">
      <subfield code="a">Mondragon Unibertsitatea</subfield>
      <subfield code="e">author</subfield>
   </datafield>
   <datafield ind2=" " ind1=" " tag="260">
      <subfield code="c">2016-05-24</subfield>
   </datafield>
   <datafield ind2=" " ind1=" " tag="520">
      <subfield code="a">Ekainaren 9an, Lanbai enplegu eta formazioaren 4. edizioa egingo da Arrasateko Garaia Berrikuntza Guneko MONDRAGON UNIBERTSITATEko eraikinean. Aurretik baina, ekainaren 6tik eta 8ra, enpleguari lotutako hainbat lantegi eta hitzaldi ireki antolatu dira Arrasateko Kulturaten. Guztira, 41 enpresak eta erakundek jarriko dituzte curriculumak jasotzeko stand-ak Lanbain. Azokak sarrera libre du eta irekita egongo da 14:45etatik 19:00etara.</subfield>
   </datafield>
   <datafield ind2=" " ind1=" " tag="520">
      <subfield code="a">El próximo 9 de junio, jueves, se celebrará en el edificio de MONDRAGON UNIBERTSITATEA en el Polo de Innovación Garaia, la cuarta edición de Lanbai, la feria de empleo y formación de MONDRAGON UNIBERTSITATEA. Previamente, entre los días 6 y 8 de junio se ofrecerán talleres sobre empleo en la casa de cultura Kultura de Arrasate. Lanbai estará abierta de 14:45 a 19:00 y es de entrada libre.</subfield>
   </datafield>
   <datafield ind1="8" ind2=" " tag="024">
      <subfield code="a">https://hdl.handle.net/20.500.11984/4685</subfield>
   </datafield>
   <datafield tag="653" ind2=" " ind1=" ">
      <subfield code="a">Humanitate eta Hezkuntza Zientzien Fakultatea</subfield>
   </datafield>
   <datafield ind2="0" ind1="0" tag="245">
      <subfield code="a">Lanbai enplegu eta formazio azokaren 4. edizioa egingo da ekainaren 9an</subfield>
   </datafield>
   <datafield ind2="0" ind1="0" tag="245">
      <subfield code="a">El próximo 9 de junio se celebrará la cuarta edición de Lanbai, la feria de empleo y formación de MONDRAGON UNIBERTSITATEA</subfield>
   </datafield>
</record></metadata></record></GetRecord></OAI-PMH>